[Event "CZE-chT U18 Extraliga Ost 1718"]
[Site "Czech Republic"]
[Date "2018.01.20"]
[Round "7.2"]
[White "Cerny, David"]
[Black "Solc, Filip"]
[Result "1/2-1/2"]
[WhiteElo "2113"]
[BlackElo "1999"]
[PlyCount "55"]
[EventDate "2017.10.07"]
[EventType "team-tourn"]
[EventRounds "11"]
[EventCountry "CZE"]
[SourceTitle "EXT 2023"]
[Source "ChessBase"]
[SourceDate "2022.10.05"]
[SourceVersion "1"]
[SourceVersionDate "2022.10.05"]
[SourceQuality "1"]
[WhiteTeam "Polabiny (U18)"]
[BlackTeam "Vlasim (U18)"]
[WhiteTeamCountry "CZE"]
[BlackTeamCountry "CZE"]

1. d4 Nf6 2. c4 g6 3. Nc3 Bg7 4. Nf3 d6 5. g3 0-0 6. Bg2 Nbd7 7. 0-0 c6 8. Qc2 Qc7 9. b3 e5 10. dxe5 Nxe5 11. Bb2 Bf5 12. Qd2 Rad8 13. Nd4 Be6 14. Nxe6 fxe6 15. e4 Nfg4 16. Qe2 Nxf2 17. Rxf2 Rxf2 18. Kxf2 Qb6+ 19. Ke1 Rf8 20. Na4 Qg1+ 21. Kd2 Bh6+ 22. Kc2 Rf2 23. Rxg1 Rxe2+ 24. Kb1 Be3 25. Rd1 Rxg2 26. Rxd6 Rg1+ 27. Kc2 Rg2+ 28. Kb1 1/2-1/2

[Event "CZE-chT1W 1718"]
[Site "Czech Republic"]
[Date "2018.01.07"]
[Round "5.1"]
[White "Cerny, David"]
[Black "Jacek, Martin"]
[Result "1-0"]
[WhiteElo "2111"]
[BlackElo "2232"]
[PlyCount "77"]
[EventDate "2017.10.29"]
[EventType "team-tourn"]
[EventRounds "11"]
[EventCountry "CZE"]
[SourceTitle "EXT 2019"]
[Source "ChessBase"]
[SourceDate "2018.10.10"]
[SourceVersion "1"]
[SourceVersionDate "2018.10.10"]
[SourceQuality "1"]
[WhiteTeam "Polabiny II"]
[BlackTeam "Vysehrad"]
[WhiteTeamCountry "CZE"]
[BlackTeamCountry "CZE"]

1. e4 c5 2. Nf3 Nc6 3. d4 cxd4 4. Nxd4 g6 5. Nc3 Bg7 6. Be3 Nf6 7. Bc4 0-0 8. Bb3 d6 9. f3 Qa5 10. Qd2 a6 11. h4 Bd7 12. 0-0-0 h5 13. Nxc6 Bxc6 14. Bh6 b5 15. g4 hxg4 16. h5 b4 17. Nd5 Bxd5 18. exd5 Bxh6 19. Qxh6 g5 20. Qxg5+ Kh8 21. Qh6+ Nh7 22. fxg4 Rg8 23. Bc4 b3 24. Bd3 Rg7 25. axb3 Qa1+ 26. Kd2 Qxb2 27. g5 Rc8 28. g6 Qc3+ 29. Ke2 Qe5+ 30. Qe3 Qxd5 31. Rdg1 Nf6 32. c4 Qa5 33. Qh6+ Nh7 34. gxh7 Qe5+ 35. Kf3 Rxg1 36. Rxg1 Qd4 37. Rg8+ Rxg8 38. hxg8Q+ Kxg8 39. Bh7+ 1-0

[Event "CZE-chT2D 1718"]
[Site "Czech Republic"]
[Date "2017.11.05"]
[Round "2.1"]
[White "Riha, Vojtech"]
[Black "Cerny, David"]
[Result "1-0"]
[WhiteElo "2108"]
[BlackElo "2113"]
[PlyCount "79"]
[EventDate "2017.10.15"]
[EventType "team-tourn"]
[EventRounds "11"]
[EventCountry "CZE"]
[SourceTitle "EXT 2022"]
[Source "ChessBase"]
[SourceDate "2021.10.06"]
[SourceVersion "1"]
[SourceVersionDate "2021.10.06"]
[SourceQuality "1"]
[WhiteTeam "Chotebor"]
[BlackTeam "Nachod"]
[WhiteTeamCountry "CZE"]
[BlackTeamCountry "CZE"]

1. e4 c5 2. Nf3 Nc6 3. d4 cxd4 4. Nxd4 Nf6 5. Nc3 d6 6. Nde2 e5 7. g3 Be7 8. Bg2 0-0 9. 0-0 a6 10. a4 Bg4 11. h3 Be6 12. Nd5 Bxd5 13. exd5 Nb8 14. g4 g6 15. Ng3 Ne8 16. Kh1 Nd7 17. Qe2 Bg5 18. b4 Ng7 19. c4 f5 20. c5 dxc5 21. bxc5 fxg4 22. c6 gxh3 23. Bxh3 Bxc1 24. Raxc1 bxc6 25. dxc6 Qh4 26. Qg4 Qxg4 27. Bxg4 Nb6 28. c7 Nf5 29. Bf3 Ra7 30. Nxf5 gxf5 31. Rg1+ Kh8 32. a5 Nc8 33. Rgd1 Kg7 34. Rd8 Kf7 35. Bd5+ Ke7 36. Be6 Rxd8 37. cxd8Q+ Kxd8 38. Rxc8+ Ke7 39. Bxf5 Rb7 40. Rc6 1-0

[Event "CZE-chT U18 Extraliga Ost 1718"]
[Site "Czech Republic"]
[Date "2017.10.07"]
[Round "1.2"]
[White "Sramek, Vojtech"]
[Black "Cerny, David"]
[Result "1-0"]
[WhiteElo "2067"]
[BlackElo "2113"]
[PlyCount "67"]
[EventDate "2017.10.07"]
[EventType "team-tourn"]
[EventRounds "11"]
[EventCountry "CZE"]
[SourceTitle "EXT 2023"]
[Source "ChessBase"]
[SourceDate "2022.10.05"]
[SourceVersion "1"]
[SourceVersionDate "2022.10.05"]
[SourceQuality "1"]
[WhiteTeam "Orlova Slavia (U18)"]
[BlackTeam "Polabiny (U18)"]
[WhiteTeamCountry "CZE"]
[BlackTeamCountry "CZE"]

1. e4 c5 2. Nf3 d6 3. d4 cxd4 4. Nxd4 Nf6 5. Nc3 Nc6 6. Bg5 e6 7. Qd2 a6 8. 0-0-0 Bd7 9. f4 Be7 10. Kb1 b5 11. Bxf6 gxf6 12. f5 b4 13. Nce2 Nxd4 14. Nxd4 e5 15. Ne2 h5 16. h4 Qc7 17. Ng3 a5 18. b3 Qc5 19. Be2 Rc8 20. Nxh5 d5 21. g4 d4 22. Rdg1 Qc6 23. Bd3 a4 24. Ng7+ Kd8 25. g5 Rh7 26. g6 Rxg7 27. h5 fxg6 28. h6 Rg8 29. fxg6 Be6 30. g7 Kd7 31. h7 Rh8 32. gxh8Q Rxh8 33. Rg7 f5 34. Qxb4 1-0

[Event "Pardubice Czech op-A 28th"]
[Site "Pardubice"]
[Date "2017.07.28"]
[Round "8"]
[White "Cerny, David"]
[Black "Chovan, Milan"]
[Result "0-1"]
[WhiteElo "2035"]
[BlackElo "2269"]
[PlyCount "70"]
[EventDate "2017.07.21"]
[EventType "swiss"]
[EventRounds "9"]
[EventCountry "CZE"]
[SourceTitle "CBM 179 Extra"]
[Source "ChessBase"]
[SourceDate "2017.08.23"]
[SourceVersion "1"]
[SourceVersionDate "2017.08.23"]
[SourceQuality "1"]

1. e4 c5 2. Nf3 d6 3. Bb5+ Nc6 4. 0-0 Bd7 5. Re1 Nf6 6. c3 a6 7. Bf1 Bg4 8. h3 Bxf3 9. Qxf3 e6 10. d3 Be7 11. Be3 0-0 12. Nd2 d5 13. exd5 Nxd5 14. Ne4 Nxe3 15. Qxe3 Qd5 16. b3 Rfd8 17. Rad1 Rac8 18. g3 b6 19. Kh2 Qe5 20. f4 Qc7 21. Bg2 Bf8 22. Ng5 h6 23. Nf3 b5 24. Ne5 Nxe5 25. Qxe5 Bd6 26. Qe3 h5 27. h4 g6 28. c4 Bf8 29. f5 exf5 30. Qg5 Rd4 31. Bf3 Kh7 32. Kg2 Rcd8 33. Re2 Qd6 34. Rde1 Rxd3 35. Re5 f6 0-1

[Event "Pardubice Czech op-A 28th"]
[Site "Pardubice"]
[Date "2017.07.27"]
[Round "7"]
[White "Nun, Jiri"]
[Black "Cerny, David"]
[Result "1/2-1/2"]
[WhiteElo "2303"]
[BlackElo "2035"]
[PlyCount "67"]
[EventDate "2017.07.21"]
[EventType "swiss"]
[EventRounds "9"]
[EventCountry "CZE"]
[SourceTitle "CBM 179 Extra"]
[Source "ChessBase"]
[SourceDate "2017.08.23"]
[SourceVersion "1"]
[SourceVersionDate "2017.08.23"]
[SourceQuality "1"]

1. e4 c5 2. Nf3 d6 3. c3 Nf6 4. Be2 Nc6 5. d4 cxd4 6. cxd4 d5 7. e5 Ne4 8. 0-0 Bg4 9. Nc3 e6 10. Ne1 Nxc3 11. bxc3 Bxe2 12. Qxe2 Be7 13. f4 g6 14. Rb1 Qd7 15. Nd3 Na5 16. Bd2 Nc4 17. Be1 Rc8 18. g4 b6 19. Kh1 h5 20. f5 hxg4 21. fxg6 fxg6 22. Qxg4 g5 23. Rf3 Kd8 24. Nb2 Nxb2 25. Rxb2 Kc7 26. Bg3 Rcf8 27. Rbf2 Rxf3 28. Rxf3 Bd8 29. Rf2 Rh7 30. Qf3 Qb5 31. Qd1 Qc4 32. Qc2 Rg7 33. Kg2 Kd7 34. a4 1/2-1/2